NBA 2024-2025 Top 10 Best Third Options - Statistics

General Stats
  • This quiz has been taken 277 times
  • The average score is 9 of 10
Answer Stats
Team Third option % Correct
Celtics Jrue Holiday
99%
76ers Tyrese Maxey
99%
Suns Bradley Beal
92%
Thunder Jalen Williams
91%
Bucks Khris Middleton
91%
Kings DeMar DeRozan
89%
Timberwolves Rudy Gobert
89%
Rockets Fred VanVleet
88%
Knicks Mikal Bridges
88%
Pelicans Brandon Ingram
87%
No matching quizzes found
Score Distribution
Percent of People with Each Score
Percentile by Number Answered
Your Score History
You have not taken this quiz